| 000 | 00947cab a2200253 4500 | ||
|---|---|---|---|
| 001 | ABS49368 | ||
| 008 | 090401t1993 xxu||||| |||| 00| 0 eng d | ||
| 035 | _a(Sirsi) u71024 | ||
| 041 | _aeng | ||
| 100 | _aRaw, G. J. | ||
| 245 | _aIndoor surface pollution: a cause of sick building syndrome | ||
| 260 | _c1993 | ||
| 350 | _a0 | ||
| 490 |
_aEnvironmental Policy and Practice _v3(2) August 1993, 143-149(7) |
||
| 520 | _aLooks at indoor surface pollution (ISP) as a contributory factor to Sick Building Syndrome (SBS). Includes a definition of SBS, identifies sources of ISP and their contributions to SBS concluding with suggestions of possible remedial action. Further reading. | ||
| 650 | _aDUST | ||
| 650 |
_aHEALTH AND SAFETY _96244 |
||
| 650 | _aINDOOR POLLUTION | ||
| 650 | _aINDOOR SURFACE POLLUTION | ||
| 650 | _aSICK BUILDING SYNDROME | ||
| 690 | _aOFFICE SERVICES AND ADMINISTRATION | ||
| 942 | _n0 | ||
| 948 | _c04/03/1997 | ||
| 999 |
_c44749 _d44749 |
||